000 00462nam a22001697a 4500
003 NUST - PNEC
005 20170116180827.0
008 150727b xxu||||| |||| 00| 0 eng d
020 _a-
040 _cLIBRARY
082 _a511.5 ALL
100 _94400
_aAllcock, H.J.
245 _aThe nomogram: The theory and practical construction of computation charts
_cH. J. Allock
250 _a5th ed.
650 _94401
_aMathematical methods
_xME
942 _2ddc
_cBK
999 _c63899
_d63899